| 000 | 00510nam a2200169 a 4500 | ||
|---|---|---|---|
| 001 | 000033205 | ||
| 005 | 20200930070109.0 | ||
| 008 | 110822s1935 dr 000 0 spa d | ||
| 040 |
_aDO-SdBNP _bspa _cBNPHU |
||
| 082 |
_axxxx _bC965p |
||
| 100 | 1 |
_aCuello, Julio A. _920639 |
|
| 245 | 1 | 3 |
_aLa parábola Trunca / _cJulio A. Cuello; prólogo M. A. Peña Batlle. |
| 260 |
_aSanto Domingo : _b[Tip. Cambier], _c1935. |
||
| 300 |
_a37 p. ; _c19 cm. |
||
| 700 | 1 | 2 |
_aPeña Batlle, M. A., _epról. _958844 |
| 049 | _aBNPD | ||
| 999 |
_c32696 _d32696 |
||